Statistics for Minecraft Food to Breed every Animal

Click here to take the quiz!

General Stats

  • This quiz has been taken 136 times
  • The average score is 17 of 25

Answer Stats

HintAnswer% Correct
PigCarrot | Potato | Beetroot
100%
ChickenAny Seeds
99%
CowWheat
99%
SheepWheat
98%
CatRaw Cod | Raw Salmon
92%
PandaBamboo
91%
RabbitCarrot | Golden Carrot | Dandelion
90%
OcelotRaw Cod | Raw Salmon
88%
MooshroomWheat
87%
WolfAny Meat | Rotten Flesh
83%
Horse(Enchanted) Golden Apple | Golden Carrot
77%
LlamaHay Bale
76%
BeeAny Flower
73%
GoatWheat
72%
FoxSweet Berries | Glow Berries
71%
TurtleSeagrass
60%
Donkey(Enchanted) Golden Apple | Golden Carrot
59%
AxolotlBucket of Tropical Fish
48%
FrogSlimeball
43%
StriderWarped Fungus
33%
CamelCactus
31%
AllayAmethyst Shard
26%
HoglinCrimson Fungus
26%
SnifferTorchflower Seeds
16%
ArmadilloSpider Eye
10%

Score Distribution

Percentile by Number Answered

Percent of People with Each Score

Your Score History

You have not taken this quiz